Prénoms les plus donnés par département - Statistiques

Statistiques générales
  • Ce quiz a été pris 189 fois
  • Le résultat moyen est 95 sur 192
Statistiques - réponses
Département F/G Prénom % Correct
LOT | MEUSE G Louis
75%
AISNE | AUBE | AVEYRON | +5 others F Léa
70%
AIN | ALLIER | ALPES-DE-HAUTE-PROVENCE | +38 others F Emma
69%
PARIS | TERRITOIRE-DE-BELFORT G Gabriel
66%
LOT | PARIS F Louise
62%
DOM F Marie
54%
ALPES-MARITIMES | ARIEGE | AUDE | +36 others G Lucas
53%
AUDE | CANTAL | CORREZE | +13 others F Jade
48%
AISNE | ALLIER | ARDECHE | +15 others G Enzo
46%
LOZERE G Hugo
45%
SARTHE F Chloé
44%
AVEYRON G Raphaël
40%
AIN | ALPES-DE-HAUTE-PROVENCE | ARDENNES | +25 others G Nathan
36%
NIEVRE G Mathis
34%
ARDECHE | CALVADOS | CHARENTE | +10 others F Manon
34%
SEINE-SAINT-DENIS | VAL-D'OISE F Sarah
30%
ESSONNE | HAUTS-DE-SEINE | VAL-DE-MARNE F Inès
27%
ARIEGE | CREUSE | MEUSE F Lola
26%
HAUTS-DE-SEINE G Adam
25%
DOM G Noah
25%
SEINE-SAINT-DENIS G Mohamed
21%
ARDENNES | CHARENTE-MARITIME | HAUTE-SAONE | VOSGES F Lilou
15%
CHER F Maëlys
9%
TERRITOIRE-DE-BELFORT F Inaya
3%
CORSE-DU-SUD & HAUTE-CORSE G Lisandru
0%
Aucun quiz correspondant
Distribution des résultats
% des personnes avec chaque résultat
Percentile par nombre de réponses
Votre historique - résultats
Vous n’avez pas pris ce quiz